| 000 | 00707nam a2200193 a 4500 | ||
|---|---|---|---|
| 001 | 000025562 | ||
| 005 | 20200930023859.0 | ||
| 008 | 110217s1989 xxu r 000 0 eng d | ||
| 020 | _a0935501177 | ||
| 040 |
_aDO-SdBNP _bspa _cBNPHU |
||
| 082 |
_axxxxxx _bR175p |
||
| 100 | 1 |
_aRamos, Marcos Antonio _934254 |
|
| 245 | 1 | 0 |
_aProtestantism and revolution in Cuba / _cMarcos A. Ramos. |
| 260 |
_aFlorida, Estados Unidos : _bInsitute for Interamerican Studies, Graduate School of International Studies : _bUniversity of Miami, _c1989. |
||
| 300 |
_a168 p. ; _c21 cm. |
||
| 500 | _aEn la portada : Research Institute for Cuban Studies. | ||
| 710 | 1 |
_aResearch Institute for Cuban Studies. _952235 |
|
| 049 | _aBNGR | ||
| 999 |
_c25054 _d25054 |
||